Statistics for Painting... or Photo?

Click here to take the quiz!

General Stats

  • This quiz has been taken 76 times
  • The average score is 6 of 15

Answer Stats

QuestionAnswer% Correct
Photo
64%
Photo
57%
Photo
57%
Painting
53%
Painting
47%
Painting
39%
Photo
39%
Photo
39%
Painting
38%
Painting
33%
Painting
29%
Photo
25%
Painting
21%
Photo
19%
Photo
8%

Score Distribution

Percentile by Number Answered

Percent of People with Each Score

Your Score History

You have not taken this quiz